00592nam a2200181 i 4500001000300000245005500003250003700058260004900095300002900144504002500173700001800198700001600216040000800232041000800240080002300248008004100271856009800312bg 0aFinite Element Techniques in Structural Mechanics. aEd. by H. Tottenham, S. Brebbia. aSouthampton :bStress Analysis Publ.,c1970. aXI, 301 s. :brys., tab. a[Zawiera bibliogr.].1 aTOTTENHAM, H.1 aBRABBIA, S. cBPK apol a624:539.3/.6:519.6 s pl f |000 0 pol  uhttp://koha.tu.koszalin.pl/cgi-bin/koha/opac-detail.pl?biblionumber=26369yKatalog online BPK